000 00369nam a22001577a 4500
003 SGT
020 _a978-0-323-47776-5
082 _a616.8
_bO18O
100 _aOSBORN, ANNE G.
245 _aOSBORN'S BRAIN IMAGING PATHOLOGY & ANATOMY
250 _a2ND
260 _aPHILADELPHIA
_bELSEVIER PUB
_c2018
300 _a1372
650 _aRADIOLOGY
942 _2ddc
_cBK
999 _c18716
_d18716